| 000 | 00882cam a2200277 i 4500 | ||
|---|---|---|---|
| 001 | 10922 | ||
| 003 | BD-RjUL | ||
| 005 | 20211208235036.0 | ||
| 008 | 140125s1979 paua b 001 0 eng | ||
| 020 | _a0879333391 | ||
| 020 | _z0879333991 | ||
| 035 | _a(BD-RjUL)10971 | ||
| 040 |
_aDLC _cDLC _dDLC _dBD-RjUL _beng |
||
| 041 | _aeng | ||
| 082 | 0 | 0 |
_a559.923 _bGEO |
| 245 | 0 | 0 |
_aGeology of the planet Mars / _cedited by Vivien Gornitz. |
| 260 |
_aStroudsburg, Pa. : _bDowden, Hutchinson, and Ross ; _aNew York : _bdistributed world wide by Academic Press, _cc1979. |
||
| 300 |
_axviii, 414 p. : _bill. ; _c26 cm. |
||
| 490 | 0 | _aBenchmark papers in geology ; v. 48 | |
| 504 | _aIncludes Bibliography: p. 381-395 and index. | ||
| 651 | 0 |
_aMars (Planet) _xGeology. _933750 |
|
| 700 | 1 |
_aGornitz, Vivien. _933751 |
|
| 942 |
_2ddc _cBK |
||
| 999 |
_c10922 _d10922 |
||